00379 2200157 4500245003600000020002200036250000900058100002200067650001600089005001900105260004200124041001400166084001100180300002100191336000900212 aKonsercMeilina K. TansrihText a978-979-22-4905-7 a2009 aMeiliana K.Tansri aNovel Fiksi a20240904125935 aJakartabGramedia Pustaka Utamac2009 aIndonesia a808.83 a296 hlm :c20 cm atext